Swamy's handbook for central government servants. (Record no. 779102)

MARC details
000 -LEADER
fixed length control field 00772nam a2200265Ia 4500
003 - CONTROL NUMBER IDENTIFIER
control field OSt
005 - DATE AND TIME OF LATEST TRANSACTION
control field 20220928124549.0
008 - FIXED-LENGTH DATA ELEMENTS--GENERAL INFORMATION
fixed length control field 220927b |||||||| |||| 00| 0 eng d
037 ## - SOURCE OF ACQUISITION
Terms of availability Textual
040 ## - CATALOGING SOURCE
Original cataloging agency SDCL
Transcribing agency SDCL
Language of cataloging eng
041 ## - LANGUAGE CODE
Source of code eng
Language code of text/sound track or separate title eng
100 ## - MAIN ENTRY--PERSONAL NAME
Personal name Muthuswamy
9 (RLIN) 387386
245 #0 - TITLE STATEMENT
Title Swamy's handbook for central government servants.
260 ## - PUBLICATION, DISTRIBUTION, ETC.
Place of publication, distribution, etc. Channai
Name of publisher, distributor, etc. Swamy
Date of publication, distribution, etc. 2012
300 ## - PHYSICAL DESCRIPTION
Extent xvi,368p
Dimensions cm.
650 ## - SUBJECT ADDED ENTRY--TOPICAL TERM
Topical term or geographic name entry element Reference
700 ## - ADDED ENTRY--PERSONAL NAME
Personal name Brinda
9 (RLIN) 387387
942 ## - ADDED ENTRY ELEMENTS (KOHA)
Classification part X:9.2'P1g, Q2
Koha item type Textual
Source of classification or shelving scheme Colon Classification (CC)
Holdings
Withdrawn status Lost status Damaged status Not for loan Home library Current library Date acquired Source of acquisition Cost, normal purchase price Total Checkouts Full call number Barcode Date last seen Cost, replacement price Price effective from Koha item type
        South Campus Library South Campus Library 2022-09-28 203, 25/01/2012, Classic Book Service 240.00   X:9.2'P1g Q2 SC1472946 2022-09-28 240.00 2022-09-28 Textual
Copyright @ Delhi University Library System